000 01371nam a2200361 i 4500
001 13966
003 KOSZ 005
005 20200630132829.0
008 070905s1966 pl a f 001 0 pol
015 _aPB 1967/173
035 _a(OCoLC)749583831
040 _aWA N
_cWA N
_dKOSZ 005/KK
080 _a531:533:534:539
245 0 0 _aDrgania i fale w ciałach stałych :
_bpraca zbiorowa /
_cpod ogólną redakcją naukowa Sylwestra Kaliskiego ; autor Zbigniew Dżygadło [et al.].
260 _aWarszawa :
_bPaństwowe Wydawnictwo Naukowe,
_c1966.
300 _a1191, [1] stron :
_bilustracje ;
_c23 cm.
336 _2rdacontent
_aTekst
_btxt
337 _2rdamedia
_aBez urządzenia pośredniczącego
_bn
338 _2rdacarrier
_aWolumin
_bnc
380 _aKsiążki.
490 1 _aBiblioteka Mechaniki Stosowanej.
504 _aBibliografia przy rozdziałach. Indeks
658 _aInżynieria i technika
650 4 _aDrgania
650 4 _aFale
650 4 _aCiało stałe
700 1 _aKaliski, Sylwester
_d(1925-1978)
_eRedakcja
700 1 _aDżygadło, Zbigniew
_d(1929-2005).
710 _aPaństwowe Wydawnictwo Naukowe
_4pbl.
856 _uhttp://koha.tu.koszalin.pl/cgi-bin/koha/opac-detail.pl?biblionumber=13966
_yKatalog online BPK
830 0 _aBiblioteka Mechaniki Stosowanej
942 _2UKD
_cKS
999 _c13966
_d13966